[Event "St Petersburg Blitz 2023"]
[Site "St Petersburg"]
[Date "2023.08.25"]
[Round "3"]
[White "Gorokhov, Aleksandr"]
[Black "Kezin, Roman"]
[Result "0-1"]
[WhiteElo "2232"]
[BlackElo "2505"]
[PlyCount "144"]
[EventDate "2023.08.25"]
[EventType "game (blitz)"]
[EventRounds "11"]
[EventCountry "RUS"]
[SourceTitle "EXT 2024"]
[Source "ChessBase"]
[SourceDate "2023.10.10"]
[SourceVersion "1"]
[SourceVersionDate "2023.10.10"]
[SourceQuality "1"]

1. e4 c5 2. c3 Nf6 3. e5 Nd5 4. d4 cxd4 5. Nf3 Nc6 6. Bc4 Nb6 7. Bb3 d5 8. exd6 Qxd6 9. 0-0 Be6 10. Na3 dxc3 11. Nb5 Qxd1 12. Rxd1 Rc8 13. Bxe6 fxe6 14. Nxc3 g6 15. Ng5 Nd8 16. Be3 Nc4 17. Nce4 Nxe3 18. fxe3 h6 19. Nf3 Bg7 20. Rd2 Nc6 21. Rad1 Nb4 22. Nd4 Bxd4 23. Rxd4 Nd5 24. Kf2 Rf8+ 25. Ke2 Rc2+ 26. R1d2 Rxd2+ 27. Rxd2 b6 28. Nc3 Nxc3+ 29. bxc3 Rf5 30. Rd4 Ra5 31. a4 e5 32. Re4 Kd7 33. Kd3 Kd6 34. Kc2 Kd5 35. Rg4 g5 36. Kb3 Ke6 37. h4 gxh4 38. Rxh4 Rd5 39. Rxh6+ Kd7 40. Rh5 Rd2 41. Rxe5 Rxg2 42. a5 Rg6 43. axb6 Rxb6+ 44. Kc4 e6 45. Ra5 a6 46. Kc5 Rc6+ 47. Kd4 Kd6 48. Rh5 Rc7 49. Ra5 Rc6 50. Rh5 Rb6 51. Ra5 Kc6 52. Rc5+ Kb7 53. Rh5 Rc6 54. c4 Kb6 55. Rh1 a5 56. Rb1+ Kc7 57. Ra1 Ra6 58. Ra4 Kc6 59. Ra1 a4 60. Ra3 Kd6 61. c5+ Kc6 62. Kc4 Ra8 63. e4 e5 64. Kb4 Rb8+ 65. Kc4 Ra8 66. Kb4 Ra7 67. Kc4 Ra5 68. Kb4 Ra8 69. Kc4 Rd8 70. Ra1 Rd4+ 71. Kc3 Rxe4 72. Kd3 Rd4+ 0-1